Wszystkie kluby NBA - Statystyki

Ogólne statystyki
  • Ten quiz został rozwiązany 584 razy
  • Średni wynik to 22 z 30
Statystyki odpowiedzi
Konferencja Miejsce w Danej Konferencji Odpowiedz % Poprawnych
Zachodnia 10 Lakers
98%
Wschodnia 1 Celtics
89%
Wschodnia 9 Bulls
88%
Zachodnia 15 Spurs
84%
Zachodnia 4 Clippers
82%
Wschodnia 6 Heat
82%
Zachodnia 12 Warriors
82%
Wschodnia 2 Bucks
79%
Zachodnia 3 Nuggets
79%
Wschodnia 14 Wizard
79%
Wschodnia 5 Knicks
76%
Zachodnia 6 Mavericks
76%
Zachodnia 2 Thunder
74%
Wschodnia 15 Pistons
73%
Zachodnia 1 Timberwolves
73%
Zachodnia 9 Jazz
72%
Wschodnia 11 Nets
72%
Zachodnia 8 Suns
72%
Wschodnia 8 Magic
71%
Wschodnia 12 Raptors
71%
Wschodnia 13 Hornets
69%
Wschodnia 4 Cavaliers
68%
Zachodnia 11 Rockets
68%
Wschodnia 3 76ers
67%
Zachodnia 7 Kings
67%
Zachodnia 13 Grizzlies
66%
Wschodnia 10 Hawks
64%
Wschodnia 7 Pacers
63%
Zachodnia 5 Pelicans
61%
Zachodnia 14 Trail Blazers
50%
Nie znaleziono quizów pasujących do podanych kryteriów
Rozkład punktacji
Procent ludzi z każdym wynikiem
Percentyl według liczby udzielonych odpowiedzi
Twoja historia wyników
Nie rozwiązałeś tego quizu